000 00454nam a2200145Ia 4500
008 210210b1982 xxu||||| |||| 00| 0 eng d
082 _a338.17498 GUPS
100 _aGUPTA (Tirath) and GULERIA (Amar).
245 _aSome economic and management aspects of a non-wood forest product in India: Tendu leaves.
260 _aND
_bOxford & IBH Publishing Co
_c1982
300 _axv,119
650 _aTendu leaves
690 _aAgriculture
906 _aSG02292
999 _c113625
_d113625